| 000 | 01657nam a22002297a 4500 | ||
|---|---|---|---|
| 001 | 10161 | ||
| 003 | FISKH | ||
| 005 | 20260430114033.0 | ||
| 008 | 260430b cb ||||| |||| 00| 0 eng d | ||
| 020 | _a9789924342069 | ||
| 040 |
_aFISKH _bkhr _cFISKH _dFISKH |
||
| 082 | _a741.5 | ||
| 100 | _aVorniere , Yoann | ||
| 245 |
_aកុំមាត់ ( 2 ) / _cBy Yoann Vorniere |
||
| 260 |
_aPhnom Penh : _bSipar , _c2024 . |
||
| 300 |
_a192 unnumbered pages : _billustrations ; _c19 cm . |
||
| 490 |
_aManga _v2 |
||
| 520 | _aThe mysterious citadel represents the only chance for Vuth and his companions to be able to survive. The path to Mount Choeung Ka Ek is perilous with thethreat of monsters. But it becomes more complicated with the presence of the group of individuals who are looking for Chan. | ||
| 520 | _aបន្ទាយអាថ៌កំបាំងនេះ គឺជាឱកាសតែមួយគត់សម្រាប់ វុធ និងមិត្តរួមដំណើររបស់គេ ដើម្បីអាចរស់រានមានជីវិតបាន។ ផ្លូវទៅកាន់ភ្នំជើងឯកពោរពេញដោយគ្រោះថ្នាក់ ព្រោះមានការគំរាមកំហែងពីសត្វចម្លែក។ ប៉ុន្តែវាកាន់តែស្មុគស្មាញឡើងទៀត ដោយសារតែវត្តមានរបស់ក្រុមមនុស្សមួយក្រុមដែលកំពុងតាមស្វែងរក ចាន់។ | ||
| 942 |
_2ddc _cKHB _n0 |
||
| 999 |
_c10161 _d10161 |
||